Inclusión en un contexto de crecimiento económico, boom del sector extractivo y descentralización política del Estado /
El texto explora las relaciones entre inclusión, industrias extractivas y descentralización, respondiendo a las preguntas generadoras: ¿han creado la descentralización y estas inversiones mejores condiciones para el ejercicio de derechos?, ¿han contribuido a la inclusión?Monge entiende como inclusió...
Spremljeno u:
| Glavni autor: | |
|---|---|
| Format: | Tekst |
| Teme: | |
| Oznake: |
Dodaj oznaku
Bez oznaka, Budi prvi tko označuje ovaj zapis!
|
MARC
| LEADER | 00000 a a2200000 04500 | ||
|---|---|---|---|
| 001 | 45725 | ||
| 003 | |||
| 040 | |||
| 100 | |a Monsge S., Carlos | ||
| 245 | |a Inclusión en un contexto de crecimiento económico, boom del sector extractivo y descentralización política del Estado / |c Carlos Monge S. | ||
| 520 | |a El texto explora las relaciones entre inclusión, industrias extractivas y descentralización, respondiendo a las preguntas generadoras: ¿han creado la descentralización y estas inversiones mejores condiciones para el ejercicio de derechos?, ¿han contribuido a la inclusión?Monge entiende como inclusión social, una inclusión integral, que equivale a la capacidad de ejercer derechos políticos, económicos, sociales y culturales, considerándose exclusión el punto en que cualquiera de éstos no pueda ejercerse de manera plena y sostenida.Se concluye que la descentralización ha generado que los gobiernos locales sean protagonistas indispensables de la política peruana, y asegura que por el momento parece ser un proceso irreversible, sin embargo aún debe discutirse si éstos deberían de participar en proyectos en torno a la minería y los hidrocarburos, tanto en términos de permisos como de participación técnica para lo cual no están preparados.La participación ciudadana ha ido un paso más allá y ha pasado de la decisión sobre en qué se gastan los recursos de inversión a decidir sobre los recursos que se encuentran en los territorios en los que habitan. | ||
| 590 | |a Silvia/04032015 | ||
| 650 | |a Descentralización | ||
| 650 | |a Macrotesauro de la OCDE/ | ||
| 650 | |a Gobierno local | ||
| 650 | |a Macrotesauro de la OCDE/ | ||
| 650 | |a Hidrocarburos | ||
| 650 | |a Macrotesauro de la OCDE/ | ||
| 650 | |a Minería | ||
| 650 | |a Macrotesauro de la OCDE/ | ||
| 650 | |a Participación política | ||
| 650 | |a Macrotesauro de la OCDE/ | ||
| 650 | |a Planificación minera | ||
| 650 | |a Macrotesauro de la OCDE | ||
| 773 | |g páginas 17-39 : tablas, gráfico | ||
| 999 | |c 22423 |d 22423 | ||
